A költő pedagógus

Bibliographic Details
Main Author: Szeberényi, Zoltán, 1930- (Author)
Format: Article
Language:Hungarian
PhysicalDescription:Fotogr.
ISSN:1335-6445
Subjects:

MARC

LEADER 00000nab a2200000 a 4500
001 vtls000755122
003 SK-MaSNL
005 20260318132521.0
008 141024c2001 xo 0 hun
015 |a SNBRB2001/03-13168 
035 |a CLN000106909 
040 |a SNKBUCL  |b slo  |c SNKBUCL  |e AACR2 
041 0 |a hun 
044 |a xo  |c SK 
080 |a 82:929:894.511 (437.6)  |2 1997 
080 |a 894.511 (437.6):929  |2 1997 
080 |a 929 Gyüre, Lajos  |2 1997 
080 |a 378.124(437.6=945.11)  |2 1997 
100 1 |a Szeberényi, Zoltán,  |d 1930-  |4 aut  |9 108103 
245 1 0 |a A költő pedagógus  |c Szeberényi Zoltán 
300 |b Fotogr. 
600 1 7 |a Gyüre, Lajos,  |d 1931-2018  |2 snkbucl  |9 178874 
655 7 |a články z novín a časopisov  |2 snkbucl  |9 267496 
773 0 |t Katedra  |g Roč. 8, č. 7 (2001), s. 8  |x 1335-6445 
850 |a Slovenská národná knižnica v Martine 
852 |a SNK  |b KIS3GCP 
958 |a HU 
958 |a SK 
958 |a LX 
958 |a BX 
999 |c 2130421  |d 2132351